Brawl Stars: Brawl Pass Skins by Picture - Statistics

General Stats
  • This quiz has been taken 135 times
    21 since last reset
  • The average score is 30 of 67
Answer Stats
Picture Hint Answer % Correct
Season 1: Tara's Bazaar Merchant Gale
81%
Season 8: Once Upon A Brawl Ninja Ash
81%
Season 4: Holiday Getaway King Lou
75%
Season 16: Candyland Magma Mandy
75%
Season 45: Mechmas Mecha Mandy
75%
Season 12: The Stuntshow Biker Carl
69%
Season 15: Ghost Station Chainsaw Buster
69%
Season 17: Mystery At The Hub Crimson R-T
69%
Season 23: Year of the Dragon KitBoxer
69%
Season 28: Gods vs Monsters! Medusa Emz
69%
Season 14: Robot Factory Caesar Sam
63%
Season 2: Summer of Monsters Mecha Paladin Surge
63%
Season 13: The Deep Sea Brawl Pharaotis
63%
Season 21: Bizarre Circus Rosie Charlie
63%
Season 3: Welcome to Starr Park! Trixie Colette
63%
Season 32: Angels vs. Demons Angel Larry & Lawrie
56%
Season 24: Sands of Time Dancer Shelly
56%
Season 27: CyberBrawl Hacker Brock
56%
Season 18: The Rescue Jungle Queen Maisie
56%
Season 13: The Deep Sea Brawl Sharktooth Colt
56%
Season 12: The Stuntshow Valkyrie Janet
56%
Season 14: Robot Factory Desperado Poco
50%
Season 44: Stranger Things Eleven Lumi
50%
Season 16: Candyland GummyBear Nita
50%
Season 20: Back to Ranger Ranch Periscope Pearl
50%
Season 11: Biodome Spiky Eve
50%
Season 30: SpongeBob Squidward Mortis
50%
Season 6: The Goldarm Gang Belle Goldhand
44%
Season 25: Ragnarök Fenrir Buzz
44%
Season 40: Legends of the Underworld Hades Mortis
44%
Season 47: Brawlentine's Heartbroken Rico
44%
Season 22: Starr Toon Studios Pawlette
44%
Season 3: Welcome to Starr Park! Poco Starr
44%
Season 35: Good Randoms Pop Melodie
44%
Season 48: Sands of Time Sultan Cordelius
44%
Season 2: Summer of Monsters Super Ranger Brock
44%
Season 7: Jurassic Splash Surfer Carl
44%
Season 7: Jurassic Splash Born Bad Buzz
38%
Season 11: Biodome Firefly Rico
38%
Season 10: Year of the Tiger Furious Fang
38%
Season 6: The Goldarm Gang Gunslinger Colt
38%
Season 34: Starr Force Hebi Kenji
38%
Season 29: Paint Brawl! Jellyfish Sandy
38%
Season 36: Dark Sands Mummified Frank
38%
Season 43: Brawl-o-ween Plague Doctor Crow
38%
Season 46: Steampunk Steampunk Gale
38%
Season 46: Steampunk Steampunk Stu
38%
Season 15: Ghost Station Trash Panda Penny
38%
Season 9: Brawlywood B-800
31%
Season 17: Mystery At The Hub El Mayordomo
31%
Season 26: Godzilla Mecha-Tick Ghidorah
31%
Season 9: Brawlywood Rebel Lola
31%
Season 5: The Starr Force! Ronin Ruffs
31%
Season 19: Enchanted Woods Sporemind Cordelius
31%
Season 33: Starr Toon Studios 2 Amazing Maisie
25%
Season 4: Holiday Getaway Bellhop Mike
25%
Season 47: Brawlentine's Brawlentine's Angelo
25%
Season 5: The Starr Force! D4R-RY1
25%
Season 10: Year of the Tiger Major Rosa
25%
Season 8: Once Upon A Brawl Princess Shelly
25%
Season 48: Sands of Time Sandstalker Lily
25%
Season 31: Scary Tales Skeletal Surge
25%
Season 37: Super Brawl Justice Smasher Bibi
19%
Season 41: Knights of the Starr Table King Starrthur Bo
19%
Season 38: Battle for Katana Kingdom Kasa-obake Piper
13%
Season 39: Crush the Kaiju Shin Edgar
13%
Season 42: Subway Surfers Streetwear Emz
13%
No matching quizzes found
Score Distribution
Percent of People with Each Score
Percentile by Number Answered
Your Score History
You have not taken this quiz since the last reset